Socioekonomické indikátory a modely na analýzu vývoja hospodárskeho procesu zborník vedeckých statí z riešenia interného grantového projektu mladých učiteľov, vedeckých pracovníkov a doktorandov v dennej forme štúdia

Salvato in:
Dettagli Bibliografici
Ente Autore: Ekonomická univerzita v Bratislave. Fakulta hospodárskej informatiky
Altri autori: Coss, Soňa
Natura: Libro
Lingua:slovacco
inglese
Pubblicazione: Bratislava Vydavateľstvo EKONÓM 2009
Soggetti:
Tags: Aggiungi Tag
Nessun Tag, puoi essere il primo ad aggiungerne!!

MARC

LEADER 00000nlm$a2200000$$$4500
001 0108860
005 20240502072212.4
020 |a 978-80-225-2902-0 
041 0 |a slo 
041 0 |a eng 
044 |a SK 
245 1 0 |a Socioekonomické indikátory a modely na analýzu vývoja hospodárskeho procesu  |b zborník vedeckých statí z riešenia interného grantového projektu mladých učiteľov, vedeckých pracovníkov a doktorandov v dennej forme štúdia  |c zostavila: Soňa Coss 
264 1 |a Bratislava  |b Vydavateľstvo EKONÓM  |c 2009 
300 |a CD-ROM 
610 2 0 |a vývoj hospodársky 
610 2 0 |a ukazovatele sociálne 
610 2 0 |a ukazovatele ekonomické 
610 2 0 |a modely 
610 2 0 |a modely analytické ekonometrické 
700 1 |a Coss, Soňa 
710 2 |a Ekonomická univerzita v Bratislave. Fakulta hospodárskej informatiky